| 000 | 00000nam 2200000zi 4500 |
| 001 | 9.936848 |
| 003 | CaOODSP |
| 005 | 20250110131158 |
| 006 | m o d f |
| 007 | cr |n||||||||| |
| 008 | 240415s1993 qucb ob f|0| 0 fre d |
| 040 | |aCaOODSP|bfre|erda|cCaOODSP |
| 041 | |afre|bfre|beng |
| 043 | |an-cn-qu |
| 086 | 1 |aCW66-1526/1993F-PDF |
| 100 | 1 |aGrenier, Alain, |eauteur. |
| 245 | 10|aÉtat de la population de cormoran à aigrettes (Phalacrocorax auritus) de la réserve de parc national de l'Archipel-de-Mingan / |cauteur : Alain Grenier. |
| 264 | 1|a[Sainte-Foy, Québec] : |bEnvironnement Canada, Service des parcs, Service de la conservation des ressources naturelles, |c1993. |
| 300 | |a1 ressource en ligne (vi, 16 pages) : |bcartes |
| 336 | |atexte|btxt|2rdacontent/fre |
| 337 | |ainformatique|bc|2rdamedia/fre |
| 338 | |aressource en ligne|bcr|2rdacarrier/fre |
| 500 | |aÉdition numérisée de l’imprimé [par Environnement et changement climatique Canada]. |
| 504 | |aComprend des références bibliographiques (page 16). |
| 546 | |aComprend un résumé en anglais. |
| 650 | 6|aCormoran à aigrettes|zQuébec (Province)|zRéserve de parc national de l'Archipel-de-Mingan. |
| 650 | 6|aOiseaux|xPopulations|zQuébec (Province)|zRéserve de parc national de l'Archipel-de-Mingan. |
| 650 | 0|aDouble-crested cormorant|zQuébec (Province)|zMingan Archipelago National Park Reserve. |
| 650 | 0|aBird populations|zQuébec (Province)|zMingan Archipelago National Park Reserve. |
| 710 | 1 |aCanada.|bEnvironnement Canada. |bService canadien des parcs, |eorganisme de publication. |
| 856 | 40|qPDF|s607 Ko|uhttps://publications.gc.ca/collections/collection_2025/eccc/cw66/CW66-1526-1993-fra.pdf |